Statistics for Best NBA player for each team /All time

Click here to take the quiz!

General Stats

  • This quiz has been taken 29 times
  • The average score is 21 of 30

Answer Stats

Answer% Correct
Cleavlandjames
96%
Lakersjohnson
92%
wizardsjordan
92%
Bullsjordan
92%
76erserving
88%
Pistonsthomas
88%
Heatwade
88%
spursduncan
85%
Netskidd
85%
Jazzmalone
85%
Knicksewing
81%
Timberwolvesgarnett
81%
Sunsnash
81%
rocketsOlajuwon
81%
Warriorschamberlain
77%
BostonRussell
77%
Raptorsleonard
73%
Pelicanspaul
73%
Kingsrobertson
73%
Pacersmiller
69%
Bucksgiannis
65%
Nuggetsjokic
58%
Thunderpayton
58%
Hornetswalker
58%
Mavsdirk
50%
HawksPettit
50%
Mephisrandolph
42%
Magicshaq
42%
Clippersmcadoo
38%
Blazersdexler
8%

Score Distribution

Percentile by Number Answered

Percent of People with Each Score

Your Score History

You have not taken this quiz